| 000 | 00494nam a2200121Ia 4500 | ||
|---|---|---|---|
| 008 | 171212s9999 xx 000 0 und d | ||
| 020 | _a9781922144867 | ||
| 245 |
_ceditor David Hegarty, ;Darrell Tryon, _aPolitics, Development and Security in Oceania |
||
| 260 |
_bANU E Press _c2013 |
||
| 650 | _aDeveloping island countries; Australia -- Foreign relations -- Oceania; France -- Foreign relations -- Oceania | ||
| 650 | _aPolitical Science | ||
| 856 | _uwww.jstor.org/stable/10.2307/j.ctt2tt18z | ||
| 999 |
_c351263 _d351263 |
||